| 000 | 00619nam a2200205Ia 4500 | ||
|---|---|---|---|
| 008 | 191130s2000##################000#0#eng## | ||
| 020 | _a9780195119541 | ||
| 022 | _a98037995 | ||
| 040 |
_aACL _cACL |
||
| 082 | _a333.7 KOL | ||
| 100 | _aKolstad, Charles D | ||
| 245 |
_aEnvironmental economics _cCharles D. Kolstad |
||
| 260 |
_aOxford _bOxford University Press _c2000 |
||
| 300 | _axi, 400 p. : ill. ; 25 cm | ||
| 500 | _aIncludes bibliographical references (p. 372-386) and indexes | ||
| 650 | _aEnvironmental economics | ||
| 990 | _aa403efb0ac10000c25a83aff19000752 | ||
| 991 | _a214859 | ||
| 999 |
_c260610 _d260610 |
||